Essentials of organizational behavior / (Record no. 8483)

MARC details
000 -LEADER
fixed length control field 00770nam a2200265 ar4500
001 - CONTROL NUMBER
control field 4035
003 - CONTROL NUMBER IDENTIFIER
control field OSt
005 - DATE AND TIME OF LATEST TRANSACTION
control field 20260108132238.0
008 - FIXED-LENGTH DATA ELEMENTS--GENERAL INFORMATION
fixed length control field 260108s xxua 00110 eng d
020 ## - INTERNATIONAL STANDARD BOOK NUMBER
International Standard Book Number 9780138157630
Terms of availability Gift
040 ## - CATALOGING SOURCE
Transcribing agency .
082 04 - DEWEY DECIMAL CLASSIFICATION NUMBER
Item number 658.3 R538 2010
100 1# - MAIN ENTRY--PERSONAL NAME
Personal name Robbins, Stephen P.
245 10 - TITLE STATEMENT
Title Essentials of organizational behavior /
Statement of responsibility, etc. Stephen Robbins, Timothy Judge.
250 ## - EDITION STATEMENT
Edition statement 10th ed.
260 ## - PUBLICATION, DISTRIBUTION, ETC.
Place of publication, distribution, etc. Boston, Mass;
Name of publisher, distributor, etc. Pearson,
Date of publication, distribution, etc. 2010.
300 ## - PHYSICAL DESCRIPTION
Extent 429 p
Dimensions 24 cm.
500 ## - GENERAL NOTE
General note Prev. ed.: 2012.
504 ## - BIBLIOGRAPHY, ETC. NOTE
Bibliography, etc. note Includes bibl. references and index.
650 #4 - SUBJECT ADDED ENTRY--TOPICAL TERM
Topical term or geographic name entry element Organizational behavior.
650 #4 - SUBJECT ADDED ENTRY--TOPICAL TERM
Topical term or geographic name entry element Personnel management.
650 #4 - SUBJECT ADDED ENTRY--TOPICAL TERM
Topical term or geographic name entry element Management
General subdivision Psychological aspects.
700 0# - ADDED ENTRY--PERSONAL NAME
Personal name Judge, Timothy A.,
Relator term jt. auth.
942 ## - ADDED ENTRY ELEMENTS (KOHA)
Source of classification or shelving scheme Dewey Decimal Classification
Koha item type English Book
Holdings
Withdrawn status Lost status Source of classification or shelving scheme Damaged status Not for loan Home library Current library Date acquired Total Checkouts Full call number Barcode Date last seen Price effective from Koha item type
    Dewey Decimal Classification     KHOBAR KHOBAR 01/08/2026   658.3 R538 2010 1000000027617 01/08/2026 01/08/2026 English Book